00469nam a2200097Ia 4500008004100000100008900041245015100130260002700281650001400308856004900322171212s9999 xx 000 0 und d aSontag-Padilla, Lisa M.;Kase, Courtney Ann;Woodbridge, Michelle W.;Stein, Bradley D. cSontag-Padilla, Lisa M.;Kase, Courtney Ann;Woodbridge, Michelle W.;Stein, Bradley D.aEvaluation of CalMHSA Student Mental Health Online Resources bRAND Corporationc2016 aEducation uhttp://jstor.org/stable/10.7249/j.ctt1b67wk1